Entry Personal Name
Number of records used in: 1
001 - CONTROL NUMBER
003 - CONTROL NUMBER IDENTIFIER
005 - DATE AND TIME OF LATEST TRANSACTION
- control field:
20250701144739.0
008 - FIXED-LENGTH DATA ELEMENTS
- fixed length control field:
910820n| azannaabn |a aaa
010 ## - LIBRARY OF CONGRESS CONTROL NUMBER
- LC control number:
n 89101547
035 ## - SYSTEM CONTROL NUMBER
- System control number:
(OCoLC)oca03004395
040 ## - CATALOGING SOURCE
- Original cataloging agency:
DLC
- Language of cataloging:
eng
- Description conventions:
rda
- Transcribing agency:
DLC
- Modifying agency:
DLC
- Modifying agency:
DLC-ON
- Modifying agency:
SG-SiILA
- Modifying agency:
DLC
046 ## - SPECIAL CODED DATES
100 1# - HEADING--PERSONAL NAME
- Personal name:
Palanithurai, G.
370 ## - ASSOCIATED PLACE
- Other associated place:
Gandhigram (India)
372 ## - FIELD OF ACTIVITY
- Field of activity:
Local government
- Source of term:
lcsh
373 ## - ASSOCIATED GROUP
- Associated group:
Gandhigram Rural Institute
- Source of term:
naf
374 ## - OCCUPATION
- Occupation:
College teachers
- Source of term:
lcsh
375 ## - GENDER
377 ## - ASSOCIATED LANGUAGE
378 ## - FULLER FORM OF PERSONAL NAME
- Fuller form of personal name:
Ganapathy
400 0# - SEE FROM TRACING--PERSONAL NAME
- Personal name:
Ganapathy Palanithurai
400 1# - SEE FROM TRACING--PERSONAL NAME
- Personal name:
Palanithurai, Ganapathy
400 1# - SEE FROM TRACING--PERSONAL NAME
- Personal name:
Pal̲an̲itturai, Ka.
- Fuller form of name:
(Kaṇapati)
400 1# - SEE FROM TRACING--PERSONAL NAME
- Personal name:
Pal̲an̲itturai, Kaṇapati
400 1# - SEE FROM TRACING--PERSONAL NAME
- Personal name:
Pazhanithurai, G.
400 1# - SEE FROM TRACING--PERSONAL NAME
- Personal name:
Palanithurai, Ganpathy
400 1# - SEE FROM TRACING--PERSONAL NAME
- Personal name:
Palanithurai, Ganapathi
670 ## - SOURCE DATA FOUND
- Source citation:
Reaction and response in legislature, 1989:
- Information found:
title page (G. Palanithurai) cover, page 4 (Dr. Ganapathy Palanithurai; Ph.D.)
670 ## - SOURCE DATA FOUND
- Source citation:
Contemporary issues in development dynamics, 1999:
- Information found:
jacket (born 1953, professor in Rajiv Gandhi Chair for Panchayati Raj Studies)
670 ## - SOURCE DATA FOUND
- Source citation:
Tamil̲nāṭṭil mūn̲r̲aṭukku pañcāyattu aracāṅkam, 2004:
- Information found:
title page (Ka. Pal̲an̲itturai) title page verso (G. Palanithurai [in rom.])
670 ## - SOURCE DATA FOUND
- Source citation:
Ūrāṭci on̲r̲iya nirvākam, 2006:
- Information found:
title page (Prof. Ka. Pal̲an̲itturai) title page verso (Prof. G. Pazhanithurai [in rom.])
670 ## - SOURCE DATA FOUND
- Source citation:
A handbook for Panchayati raj administration (Tamil Nadu), 2007:
- Information found:
title page (G. Palanithurai) page facing title page (Ganpathy Palanithurai)
670 ## - SOURCE DATA FOUND
- Source citation:
Empowering women, grassroots experience from Tamil Nadu, 2007:
- Information found:
title page (G. Palanithurai) title page verso (born 1953) page facing title page (prof. Ganapathi Palanithurai)